|
|
|
|
| LEADER |
00000nam0a2200000 4500 |
| 001 |
41413 |
| 005 |
20231031014038.0 |
| 035 |
|
|
|a (RuTPU)RU\TPU\book\42518
|
| 090 |
|
|
|a 41413
|
| 100 |
|
|
|a 20020618d1962 m y0rusy50 ca
|
| 101 |
0 |
|
|a rus
|
| 102 |
|
|
|a RU
|
| 105 |
|
|
|a a j 001zy
|
| 200 |
1 |
|
|a Методика решения задач по теоретической механике
|e учебное пособие
|f М. А. Мисюрев
|
| 210 |
|
|
|a Москва
|c Высшая школа
|d 1962
|
| 215 |
|
|
|a 307 с.
|c ил.
|
| 320 |
|
|
|a Библиогр.: с. 304.
|
| 610 |
1 |
|
|a физика
|
| 610 |
1 |
|
|a методика
|
| 610 |
1 |
|
|a задачи
|
| 610 |
1 |
|
|a решения
|
| 610 |
1 |
|
|a теоретическая механика
|
| 610 |
1 |
|
|a учебные пособия
|
| 610 |
1 |
|
|a статика
|
| 610 |
1 |
|
|a кинематика
|
| 610 |
1 |
|
|a динамика
|
| 675 |
|
|
|a 531(076)
|v 3
|
| 700 |
|
1 |
|a Мисюрев
|b М. А.
|g Михаил Алексеевич
|
| 801 |
|
1 |
|a RU
|b 63413507
|c 20020618
|g PSBO
|
| 801 |
|
2 |
|a RU
|b 63413507
|c 20210514
|g PSBO
|
| 942 |
|
|
|c BK
|
| 952 |
|
|
|a 510400
|b 010400
|